Flag Carriers of Every Country - Statistics

General Stats
  • This quiz has been taken 146 times
  • The average score is 71 of 136
Answer Stats
Hint Answer % Correct
Australia Qantas
86%
Algeria Air Algerie
77%
Albania Air Albania
76%
Austria | Belgium | Germany | Switzerland Lufthansa
73%
Canada Air Canada
72%
New Zealand Air New Zealand
72%
United Kingdom British Airways
71%
United Arab Emirates Emirates
71%
China Air China
70%
France Air France
70%
India Air India
69%
Netherlands KLM
69%
Brazil | Chile LATAM
69%
Thailand Thai Airways International
69%
Russia Aeroflot
67%
Finland Finnair
67%
Spain Iberia
67%
Japan Japan Airlines
67%
Luxembourg Luxair
67%
Egypt Egyptair
66%
Malaysia Malaysian Airlines
66%
Qatar Qatar Airways
66%
Singapore Singapore Airlines
66%
Portugal TAP Air Portugal
66%
Turkey Turkish Airlines
66%
Malta Air Malta
65%
Italy Alitalia
65%
Israel El Al
65%
Iceland Icelandair
65%
Mexico Aeromexico
64%
Poland LOT Polish Airlines
64%
Saudi Arabia Saudia
64%
Sweden Scandinavian
64%
South Africa South African Airways
64%
Serbia Air Serbia
63%
South Korea Korean Air
63%
Vietnam Vietnam Airlines
63%
Ireland Aer Lingus
61%
Croatia Croatia Airlines
60%
Ethiopia Ethiopian Airlines
60%
Iran Iran Air
60%
Kuwait Kuwait Airways
60%
Fiji Fiji Airways
59%
Pakistan Pakistan International Airlines
59%
Tunisia Tunisair
59%
Azerbaijan Azerbaijan Airlines
58%
Bahamas Bahamasair
58%
Kenya Kenya Airways
58%
Oman Oman Air
58%
Philippines Philippine Airlines
57%
Jordan Royal Jordanian
57%
Ukraine Ukraine International Airlines
57%
Latvia airBaltic
55%
Zimbabwe Air Zimbabwe
55%
Czechia Czech Airlines
55%
Bahrain Gulf Air
55%
Iraq Iraqi Airways
55%
Senegal Air Senegal
54%
Georgia Georgian Airways
54%
Nepal Nepal Airlines
54%
Morocco Royal Air Maroc
54%
Sri Lanka SriLankan Airlines
54%
Seychelles Air Seychelles
53%
Taiwan China Airlines
53%
Laos Lao Airlines
53%
Suriname Surinam Airways
53%
Mauritius Air Mauritius
52%
Tanzania Air Tanzania
52%
Indonesia Garuda Indonesia
52%
Uzbekistan Uzbekistan Airways
52%
Madagascar Air Madagascar
51%
Moldova Air Moldova
51%
Montenegro Air Montenegro
51%
Colombia Avianca
51%
Brunei Royal Brunei Airlines
51%
Sudan Sudan Airways
51%
Turkmenistan Turkmenistan Airlines
51%
Kiribati Air Kiribati
49%
North Korea Air Koryo
49%
Bulgaria Bulgaria Air
49%
Cyprus Cyprus Airways
49%
Libya Libyan Airlines
49%
Nauru Nauru Airlines
49%
Greece Aegean Airlines
47%
Botswana Air Botswana
47%
Vanuatu Air Vanuatu
47%
Cuba Cubana de Aviacion
47%
Eritrea Eritrean Airlines
47%
Syria Syrian Air
47%
Uganda Uganda Airlines
47%
Djibouti Air Djibouti
46%
Malawi Malawi Airlines
46%
Samoa Samoan Airways
46%
Burkina Faso Air Burkina
45%
Afghanistan Ariana Afghan Airlines
45%
United Arab Emirates Etihad Airways
45%
Myanmar Myanmar National Airlines
45%
Angola TAAG Angola Airlines
45%
Bangladesh Biman Bangladesh Airlines
43%
Chad Chadian Airlines
43%
Mauritania Mauritania Airlines
43%
Lebanon Middle East Airlines
43%
Guyana | Jamaica | Trinidad and Tobago Caribbean Airlines
42%
Solomon Islands Solomon Airlines
42%
Ivory Coast Air Cote d'Ivoire
41%
Panama Copa Airlines
40%
Belarus Belavia
39%
DR Congo Congo Airways
39%
Argentina Areolinas Argentinas
37%
Bhutan Druk Air
36%
Eswatini Eswatini Airlink
35%
Maldives Maldivian
35%
Rwanda RwandAir
35%
Mongolia MIAT Mongolian Airlines
33%
Romania TAROM
31%
Yemen Yemenia
31%
Kazakhstan Astana Air
30%
Papua New Guinea Air Niugini
28%
Bolivia Boliviana de Aviacion
28%
Mozambique LAM Mozambique Airlines
23%
Denmark | Norway Scandinavian Airlines
20%
Sao Tome and Principe STP Airways
20%
Cambodia Cambodia Angkor Air
19%
Estonia Nordica
18%
Saint Vincent and the Grenadines SVG Air
18%
Cape Verde TACV
18%
Cameroon Camair-Co
17%
Venezuela Conviasa
16%
Equatorial Guinea CEIBA Intercontinental
12%
No matching quizzes found
Score Distribution
Percent of People with Each Score
Percentile by Number Answered
Your Score History
You have not taken this quiz